| 000 | 00797nam a2200169Ia 4500 | ||
|---|---|---|---|
| 005 | 20250718142144.0 | ||
| 008 | 250718s9999 xx 000 0 und d | ||
| 020 | _a9780415270120 | ||
| 082 |
_a941.0858092 _bEVA |
||
| 100 | _aEvans, Eric J. | ||
| 245 | 0 | _aThatcher and Thatcherism | |
| 260 |
_bPsychology Press _c2004 |
||
| 300 | _a191 pages | ||
| 500 | _aThatcherism produced dramatic changes in most aspects of public life, both in Britain and abroad. This work surveys the origins and impact of Thatcherism as a cultural construct and an economic creed. Centering on the career of Margaret Thatcher, the author argues that Thatcherism was a bold experiment in ideologically driven government which failed to meet its objectives. | ||
| 650 | _aBiography & Autobiography | ||
| 942 | _cENGLISH | ||
| 999 |
_c576290 _d576290 |
||